Word Ladder: 2017 Mega-Hit Quiz Stats

 Plays Quiz Updated Sep 30, 2019

Score 0/15 Timer 02:00
1 Play Today
Clue 3-Letter Word % Correct
Yellow circular video game icon: ___-MAN♪ PAC ♪
97%
Inky writing implementPEN
96.5%
Male childSON
95.1%
Atom with a chargeION
95%
Partner of 'outs'INS
94.2%
Home for lions in the Book of DanielDEN
94.2%
Preceder of Francisco, Diego, and JoseSAN
93.3%
Establishment to obtain lodging and foodINN
93.2%
Clue 3-Letter Word % Correct
Bag or pouch filled with fluidSAC
92.8%
Greek god of the wild and shepherdsPAN
92.1%
Title given to Vito CorleoneDON
89.1%
Third person neutral possessive pronounITS
83.8%
First word in Iowa's capital♪ DES ♪
83.4%
Precursor to WindowsDOS
80.3%
Judge who presided over the OJ trial♪ ITO ♪
72.3%

Today's Daily Dose

Missing Word
Celine Dion

Word Ladder
Dr. Seuss Books

Quick Pick
Cities in India

Get the Picture
'A' Actresses

You're not logged in!

Compare scores with friends on all Sporcle quizzes.
OR
Log In

Sporcle TV

Today on Sporcle TV


Watch our educational content, quiz creation guides, and fun videos on Sporcle TV.

Show Comments

Extras

Top Quizzes Today


Score Distribution

Your Account Isn't Verified!

In order to create a playlist on Sporcle, you need to verify the email address you used during registration. Go to your Sporcle Settings to finish the process.

Report this User

Report this user for behavior that violates our Community Guidelines.

Details: